Govt. of
Madhya Pradesh

Voluntary Associations Of The Muslims In Kolkata (Record no. 16377)

MARC details
000 -LEADER
fixed length control field 004930000a22001810004500
001 - CONTROL NUMBER
control field 004488
003 - CONTROL NUMBER IDENTIFIER
control field MACL
005 - DATE AND TIME OF LATEST TRANSACTION
control field 20150704155506.0
008 - FIXED-LENGTH DATA ELEMENTS--GENERAL INFORMATION
fixed length control field 150704b xxu||||| |||| 00| 0 eng d
040 ## - CATALOGING SOURCE
Original cataloging agency MACL
Transcribing agency MACL
041 ## - LANGUAGE CODE
Language code of text/sound track or separate title English
100 ## - MAIN ENTRY--PERSONAL NAME
Personal name Siddiqui, M.K.A.
9 (RLIN) 666
245 ## - TITLE STATEMENT
Title Voluntary Associations Of The Muslims In Kolkata
Statement of responsibility, etc. M.K.A. Siddiqui
260 ## - PUBLICATION, DISTRIBUTION, ETC. (IMPRINT)
Place of publication, distribution, etc. Institute Of Objectives Studies,
Date of publication, distribution, etc. 2004
Name of publisher, distributor, etc. New Delhi
350 ## - PRICE (NR) (BK AM CF MU VM SE) [OBSOLETE]
Price 75
650 ## - SUBJECT ADDED ENTRY--TOPICAL TERM
Topical term or geographic name as entry element Social Science
9 (RLIN) 29
942 ## - ADDED ENTRY ELEMENTS (KOHA)
Call number prefix 302
Koha item type Books
Source of classification or shelving scheme
Holdings
Withdrawn status Lost status Source of classification or shelving scheme Damaged status Not for loan Home library Current library Date acquired Cost, normal purchase price Total Checkouts Full call number Barcode Date last seen Uniform Resource Identifier Price effective from Koha item type
          MACL MACL 04/07/2015 75.00   302.354/SID CRE016987 02/05/2024 16283 15/04/2015 Books